000 00484nam a2200193Ia 4500
005 20250923145300.0
008 008 250917s9999 xx 000 0 eng d
037 _aPeriodicals
040 _aDSWL
_beng
_cDSWL
041 _aeng
_2eng
084 _qDSWL
245 4 _athe Howard Journal of penology and crime Prevention
260 _aLondon
_bButter Worths
_c1970-73
365 _aINR
_b90
490 _vVol.13
925 _g90
942 _cCR
999 _c1449431
_d1449431